[Event "Abu Dhabi op 23rd"]
[Site "Abu Dhabi"]
[Date "2015.08.23"]
[Round "1"]
[White "Gevorgyan, David"]
[Black "Kryvoruchko, Yuriy"]
[Result "0-1"]
[WhiteElo "2374"]
[BlackElo "2697"]
[Annotator "Sagar Shah"]
[PlyCount "128"]
[EventDate "2015.08.23"]
[EventType "swiss"]
[EventRounds "9"]
[EventCountry "UAE"]
[SourceTitle "EXT 2016"]
[Source "ChessBase"]
[SourceDate "2015.10.08"]
[SourceVersion "1"]
[SourceVersionDate "2015.10.08"]
[SourceQuality "1"]
[WhiteClock "0:01:05"]
[BlackClock "0:20:51"]

{The game between Gevorgyan and Kryvoruchko was a battle between the bishops
and knights. Look how Yuriy makes sure that the position is never opened up
for his opponent's bishops.} 1. d4 Nf6 2. c4 e6 3. Nc3 Bb4 4. e3 b6 5. Bd3 Bb7
6. Nf3 O-O 7. Qc2 c5 8. a3 Bxc3+ 9. bxc3 d6 10. O-O Bxf3 $5 11. gxf3 {Diagram 
[#] The game becomes very interesting from the point of view of the imbalances
in the position. Black has the knights and wants to keep the position closed
while White has the bishops and wants to open diagonals for them at all costs.}
e5 12. d5 Re8 13. a4 a5 $1 {A strong positional move. Even though the b6 pawn
becomes a backward pawn on an open file it was more important not to let White
open lines.} 14. Kg2 $6 (14. Kh1 {followed by Rg1 looks more logical.}) 14...
Nbd7 15. Bd2 Nf8 16. Rh1 Nh5 (16... Ng6 $5 {was a nice idea. The important
point being} 17. h4 {is met by} e4 $1 18. fxe4 Nd7 $1 {With an attack on the
h4 pawn.} 19. f4 (19. h5 Nh4+ 20. Kf1 Qg5 $17) 19... Nxh4+ 20. Kf2 Ng6 21. Rag1
$13) 17. Rag1 Qf6 18. Bf5 g6 19. Bd3 Kh8 20. h4 Nd7 21. Be2 Qe7 22. Kf1 f5 23.
Ke1 Ndf6 24. Kd1 Qd7 25. Kc1 e4 26. f4 {Look at the d2-bishop. It has
absolutely no scope and no future!} Ng4 27. Be1 Nhf6 28. Kb2 Kg7 $1 {The king
is transferred to the queenside before opening the kingside.} 29. Ka3 Kf7 30.
Qb2 Ke7 31. Rg2 (31. Qxb6 Rab8 32. Qc6 Qa7 $19 {and Rec8 will trap the queen.})
31... Kd8 $1 {Setting a bait - Black is ready to give up the b-pawn with a
check!} 32. Qb5 (32. Qxb6+ Ke7 33. Qb5 Qa7 34. Qb2 Rab8 $17 {White pieces
stand quite horribly on the kingside.}) 32... Rg8 33. Bd2 Rb8 34. Rb1 Rg7 35.
Qxd7+ Kxd7 36. Rh1 h6 37. Kb3 Rbg8 38. Be1 g5 {The final breakthrough for the
rooks to enter the position.} 39. hxg5 hxg5 40. fxg5 $6 (40. Bd2 gxf4 41. exf4
$11 {And it is not very easy to breakthrough as White will play f3 on the next
move.}) 40... Rxg5 41. Rgg1 Ne5 42. Rxg5 Rxg5 43. Kc2 Rg2 44. Bf1 Rg7 45. Be2
Ke7 46. Kd2 Nh7 $1 {The knight is going to the f3 square.} 47. Rh5 Ng5 48. Kd1
Ngf3 49. Rh1 (49. Bxf3 Nxf3 50. Rxf5 Rg1 $19) 49... Rg4 50. Kc2 Rg2 51. Kd1 Nh2
{Blocking the h-file. White's rook has to remain passive now.} 52. Kd2 Kf6 53.
Kd1 Nef3 54. Bxf3 Nxf3 55. Ke2 Rg1 56. Rxg1 Nxg1+ {Diagram [#] The material is
even but look how the knight simply cleans up the white pawns.} 57. Kd1 Nf3 58.
Ke2 Ne5 {No way to defend the c4 pawn.} 59. f4 exf3+ {Number one.} 60. Kf1 Nxc4
{Number two.} 61. Bg3 Nxe3+ {Number three.} 62. Kf2 Nxd5 {Number four.} 63. c4
Nc3 64. Bxd6 Ne4+ {The only active move by the bishop resulted in its death!}
0-1

[Event "Chigorin Memorial 06th"]
[Site "St Petersburg"]
[Date "1998.11.06"]
[Round "6"]
[White "Shulman, Yuri"]
[Black "Yudasin, Leonid"]
[Result "1-0"]
[WhiteElo "2520"]
[BlackElo "2550"]
[Annotator "Shulman/Kapengut"]
[PlyCount "103"]
[EventDate "1998.10.31"]
[EventType "swiss"]
[EventRounds "9"]
[EventCountry "RUS"]
[SourceTitle "CBM 067 Extra"]
[Source "ChessBase"]
[SourceDate "1999.01.01"]
[SourceVersion "1"]
[SourceVersionDate "1999.01.01"]
[SourceQuality "1"]

{[%mdl 14356]} 1. d4 Nf6 2. c4 e6 3. Nc3 Bb4 4. e3 Bxc3+ {Surprise. Leonid
refuses from his usual 4...c5 5.Nge2 cd 6.ed d5 7.c5 Ne4 in the favour rare 4..
.Bc3} 5. bxc3 b6 6. Bd3 Bb7 7. f3 d6 8. Ne2 Nc6 9. e4 Na5 (9... e5 10. O-O Qe7
11. f4 $1 O-O-O 12. d5 Na5 13. fxe5 dxe5 14. Bg5 Nxc4 15. Ng3 Qc5+ 16. Kh1 Rd7
17. Qe2 b5 18. a4 c6 19. dxc6 Bxc6 20. Bxf6 gxf6 21. axb5 Bxb5 22. Rfb1 a6 23.
Rxb5 axb5 24. Ra8+ {1-0 Ivkov,B-Lombard,A/EU-chT Bath 1973/EU-chT (24)}) 10.
Bg5 h6 11. Bh4 g5 $6 {Black harry to define own pawn structure, whole game
this will be his headache.} (11... Qd7 12. Nc1 (12. O-O $6 Ba6 {[%csl Rc4]} 13.
f4 Bxc4 14. e5 Ng4) (12. Bxf6 gxf6 13. Ng3 h5 14. f4 h4 15. Nh5 Ke7 {with
excellent game,L.Yudasin}) 12... c5 (12... Ba6 {[%csl Rc4]} 13. c5 $5 (13. Nb3
Nxc4 14. Qe2 Qa4) 13... Bxd3 14. Nxd3 dxc5 15. Ne5 Qe7 16. Qa4+ Kf8 17. O-O
$132) 13. Nb3 Qa4 14. Nxa5 Qxa5 15. Qd2 Rc8 16. Rd1 $13) 12. Bf2 Qd7 13. Nc1 {
[%cal Gc1b3,Gc4c5]} O-O-O ({Now} 13... Ba6 {less strong, because white can
include in play bishop on "f2":} 14. c5 $5 Bxd3 15. Nxd3 dxc5 16. Ne5 Qe7 17.
Qa4+ Kf8 18. dxc5 $16) 14. Nb3 Qa4 15. Nxa5 Qxa5 16. Qb3 (16. O-O $5 {was also
interesting, because black can't take poisoned pawn} Nh5 (16... Qxc3 17. a4 $40
{[%cal Ga4a5]}) 17. Re1 Nf4 18. Bf1 f5 19. Qb3 {with same idea and safe king.})
16... Nh5 17. Qb4 Nf4 18. Bf1 (18. Qxa5 Nxd3+ 19. Kd2 bxa5 20. Kxd3 Ba6 21. d5
exd5 22. exd5 {looks less dangerous for black:} Kb7 ({or even} 22... c6 {
[%cal Ga6d3]})) 18... Qxb4 ({Black can't avoid exchange of queens, for example:
} 18... Qa6 $6 19. a4 f5 20. g3 c5 (20... Nh5 $4 21. c5 {[%csl Ra6]}) 21. Qb5
Nh5 22. Bd3 $16) 19. cxb4 f5 20. exf5 ({It is impossible to play} 20. g3 $2 Nh5
21. Bd3 fxe4 22. fxe4 Nf6 $15 {[%csl Re4]}) 20... exf5 21. Be3 Rde8 (21... Rhe8
$5 22. Kf2 c5 23. bxc5 dxc5 (23... bxc5 24. d5 Ng6 25. h4 $5 {[%csl Rg5][%cal
Gh1h7] This attractive idea we found in "multiplayer" analyze immediately
after the game.} (25. Bd3 Ne5 (25... Rf8 26. h4 f4 27. Bxg6 $16) 26. Bxf5+ Kc7
27. Rhc1 Rf8 $44) 25... f4 26. Bd2 Nxh4 27. Bxf4 Nxf3 28. Kxf3 gxf4 (28... Rf8
29. g3 gxf4 30. gxf4 $16) 29. Rxh6 Re3+ 30. Kxf4 Ra3 31. g4 $16) 24. d5 b5 {
[%csl Rd5]} (24... Ng6 25. a4 $16) 25. Rc1 $1 (25. cxb5 Rxd5 26. Rc1 Kd7 $1 $13
) 25... bxc4 26. Rxc4 Rxd5 27. Rxc5+ Rxc5 28. Bxc5 Re5 29. Bf8 {with better
endgame for white ^^}) 22. Kf2 Ng6 23. Bd3 Rhf8 24. Rhe1 Kd8 25. Bd2 (25. a4 {
[%cal Ga4a5] also deserved attention, because it is profitable for white to
keep all rooks on the board.}) 25... Rxe1 26. Rxe1 Bc8 27. a4 Re8 28. Ra1 {
[%cal Ga4a5]} Nf4 29. Bf1 d5 $2 {Blunder.} ({After} 29... Bd7 30. a5 $16 {
White has huge, but still not decisive advantage.}) 30. g3 $18 Nh5 (30... Ne6
31. cxd5 Nxd4 32. Bc3 Nc2 33. Bf6+ $18 (33. Rc1)) 31. cxd5 a6 32. Bd3 Rf8 33.
Re1 Nf6 34. h4 Ne4+ 35. Bxe4 fxe4 36. Rxe4 Bf5 37. Re5 gxh4 ({After} 37... Bg4
38. hxg5 Rxf3+ 39. Kg2 Rd3 40. Bf4 hxg5 41. Rxg5 $18 {White also would win soon
}) 38. gxh4 Bg4 39. Kg3 Bxf3 40. Bxh6 Rf7 41. Bf4 Bd1 42. a5 bxa5 43. bxa5 Kd7
44. Re6 {[%csl Ra6]} Rf5 45. Rxa6 {[%csl Rd5]} Rxd5 46. Be5 c5 47. dxc5 $1 {
[%csl Rd1] Last trick.} Rxe5 48. Rd6+ Kc7 49. Rxd1 Rxc5 50. Ra1 Kb7 51. a6+ Ka7
52. Ra4 {"h"-pawn can't be stopped.} 1-0

[Event "ISR-chT"]
[Site "Israel"]
[Date "1997.01.18"]
[Round "3"]
[White "Milov, Vadim"]
[Black "Sutovsky, Emil"]
[Result "1-0"]
[WhiteElo "2610"]
[BlackElo "2560"]
[Annotator "Soffer,R"]
[PlyCount "55"]
[EventDate "1997.??.??"]
[EventType "team"]
[EventRounds "11"]
[EventCountry "ISR"]
[SourceTitle "CBM 057"]
[Source "ChessBase"]
[SourceDate "1997.04.01"]
[SourceVersion "1"]
[SourceVersionDate "1997.04.01"]
[SourceQuality "1"]

1. d4 Nf6 2. c4 e6 3. Nc3 Bb4 4. e3 b6 5. f3 {A few years ago Milov was a
leading exponent of 4.f3 but since after 4...d5 Black's resources proved to be
adequate he has abandoned the variation. However, the delayed f3 makes sense
here because Black cannot play d7-d5. In my opinion it isn't worse than the
more recognized alternatives 5.Bd3 and 5.Nge2} c5 {Black has to do something
to prevent White from building a big centre.} (5... Bxc3+ 6. bxc3 d5 7. cxd5
Nxd5 8. e4 Ne7 9. Bd3 O-O 10. Ne2 Ba6 11. O-O Bxd3 12. Qxd3 c5 13. Rd1 cxd4 14.
cxd4 Nbc6 15. d5 exd5 16. exd5 Ne5 17. Qd4 {Yakovich,Y-Mac Gilchrist,S/
Berliner Sommer (01) ;EXP 54 1996/1-0 (56)}) (5... Ba6 6. e4 Bxc3+ 7. bxc3 d6
8. Bd3 Nbd7 9. Ne2 O-O 10. O-O Ne8 11. Ng3 g6 12. Bh6 Ng7 13. Qd2 Rc8 14. f4 f5
15. Rae1 $16 {Milov,V-Netolitzky,G/Schaan op (03) 1996/1-0 (42)}) (5... Nc6 6.
Bd3 Bxc3+ 7. bxc3 Ba6 8. e4 Na5 9. Qe2 d6 10. f4 Qd7 11. Nf3 Qa4 12. Nd2 O-O-O
13. O-O h6 14. Rb1 Kb8 15. e5 Ne8 16. f5 $16 {1-0 Hoffman,A-Panno,O/Najdorf op
Buenos Aires ARG (7) 1996 (27)}) (5... Nh5 $5 6. Nh3 f5 7. e4 O-O 8. Bg5 Qe8 9.
exf5 h6 10. Bd2 Nc6 11. Nb5 exf5+ 12. Be2 Qd8 13. Bxb4 Nxb4 14. Qd2 a5 15. a3
Nc6 16. O-O-O a4 17. Kb1 $14 {Miles,A-Kuzmin,G/Riga izt (05) ;IZT 1979/0-1 (41)
}) 6. d5 Ba6 (6... Bxc3+ $5 7. bxc3 d6 8. Bd3 O-O 9. Ne2 Nbd7 10. Ng3 Ne5 11.
Be2 b5 $5 12. dxe6 bxc4 13. f4 Nd3+ 14. Bxd3 cxd3 15. exf7+ Rxf7 16. Qxd3 Qa5
$44 {Plaskett,J-Hergott,D/London Lloyds (09) ;TD 87\02 1987/1/2-1/2 (28)}) (
6... exd5 7. cxd5 O-O 8. Nh3 Re8 9. Be2 Bb7 10. e4 d6 11. O-O Qe7 12. Bd3 Nbd7
13. a3 Bxc3 14. bxc3 Ne5 15. c4 h6 16. Bb2 a6 17. a4 $14 {Alperovich,
A-Gershkowitz,D/Netanya Maccabiah open (4) 1993/0-1 (50)}) (6... O-O 7. Nh3 b5
8. dxe6 fxe6 9. cxb5 d5 10. Nf2 c4 11. Be2 a6 12. bxa6 Bxa6 13. a3 Be7 14. b3
cxb3 15. Qxb3 Nbd7 16. O-O Nc5 17. Qa2 $14 {Miles,A-De Firmian,N/Reykjavik op 
(05) ;EXT 86op 1986/1-0 (68)}) 7. e4 $1 {Direct and logical. However a
combination is now available for Black and only deep analysis confirms the
correctness of this move} (7. Bd3 $2 exd5 8. cxd5 Nxd5) (7. Nh3 {is safer but
less ambitious}) 7... exd5 8. cxd5 (8. exd5 {abandons White's main strategic
plan and gives Black a good position} Bxc3+ 9. bxc3 O-O 10. Bd3 Nh5 11. g3 Re8+
12. Ne2 d6 13. O-O Nd7 14. f4 Nhf6 $15) 8... Nxe4 $2 {At his home preperation
Sutovskij assumed this was the refutation of 7.e4} 9. fxe4 (9. Bxa6 $2 Nxc3 $19
) 9... Bxc3+ 10. bxc3 Qh4+ 11. g3 $1 (11. Kd2 Qf4+ $19) 11... Qxe4+ 12. Kf2
Qxh1 (12... Bxf1 $2 13. Nf3 $18) 13. Bg2 (13. Qe1+ $2 Kd8 {/\Rd8}) (13. Bxa6 $2
Qxh2+) 13... Qxh2 14. Bg5 $4 {White has two ways to trap the Black queen, but
only one of them is correct. "??" is because this move probably turns a
winning position into a losing one.} (14. Nh3 $1 O-O 15. Bf4 {/\g4} Re8 (15...
g5 16. Qg4 $18) (15... f5 16. Qd2 $1 {/\Rh1} Re8 17. Re1 Nc6 (17... Re4 18.
Rxe4 fxe4 19. g4 $18) 18. dxc6 $1 (18. g4 Ne5 19. Rxe5 Rxe5 20. Bxh2 Re2+ 21.
Qxe2 Bxe2 22. Kxe2 fxg4 23. Nf4 $16) 18... Rxe1 (18... dxc6 19. g4 $18) 19.
Qxe1 Rf8 (19... g5 20. cxd7 gxf4 21. Qe8+ Kg7 22. Nxf4) 20. Qe7 dxc6 21. Bd6
$18) 16. g4 Re2+ 17. Qxe2 Qxg2+ 18. Kxg2 Bxe2 19. Re1 g5 (19... f5 20. Rxe2
fxg4 21. Re8+ (21. Nf2) 21... Kf7 22. Rxb8 gxh3+ 23. Kxh3 Rxb8 24. Bxb8 $18)
20. Rxe2 gxf4 21. Re8+ Kg7 22. Nxf4 f6 (22... d6 23. Nh5+ Kh6 24. Rg8 {/\Nf6,
g5#} f5 25. Kh3 fxg4+ 26. Kh4 $18) 23. d6 $18 {/\Nd5-c7}) 14... O-O 15. Bh4 {
/\Nf3. Surprisingly enough, Black has sufficient tactical resources to meet
this threat (which were overlooked by both grandmasters during the game)} Re8
16. Qd2 (16. Nf3 $2 Re2+ 17. Qxe2 Qxg2+ 18. Kxg2 Bxe2 19. Re1 Bxf3+ {This is
the big difference between 14.Nh3 and 14.Bg5. The capture of the N with check
saves Black} 20. Kxf3 Na6 $19) (16. c4 $5 Bxc4 17. Rc1 Ba6 18. Rc2 Re5 19. Nf3
Rf5 20. Qe1 g5 21. Qe8+ Kg7 22. Bxg5 Qh5 (22... Bf1 $2 23. Kxf1 Rxf3+ 24. Bxf3
Qxc2 25. Qe5+ Kg8 26. Bh6 $18) 23. Be7 h6 {and Black holds}) 16... Re5 $4 {
Black misses a very nice possibility.} (16... d6 $1 {It's hard to realize that
in such a sharp position one just has to make simple developing moves.} 17. Re1
{What else?} Rxe1 18. Qxe1 Nd7 19. Nf3 (19. Qe7 Ne5 {is hopeless}) 19... Ne5 $1
{the point} 20. Nxh2 (20. Nxe5 dxe5 21. Qxe5 Bb5 22. Be7 Re8 $19 23. d6 $140 $2
Bc6) 20... Nd3+ 21. Kf1 Nxe1+ 22. Kxe1 Re8+ 23. Kd1 h6 $19 {/\g5 and on top of
his misfortunes White loses a piece:} 24. g4 Re2) 17. Re1 Rf5+ 18. Nf3 g5 $2 {
This weakening of the king position finally throws away the game. There were
still some practical chances.} (18... h6 $5 19. Ke3 {too greedy} (19. Rh1 Qxh1
20. Bxh1 Bb7 21. c4 g5 22. g4 Rf4 23. Bg3 {should win}) 19... Nc6 $1 (19...
Rxf3+ 20. Kxf3 $18) (19... Qxg2 20. Qxg2 Rxd5 21. Kf2 Nc6 $16) 20. Nxh2 (20.
dxc6 Re8+ 21. Kf2 Rxe1 22. Qxe1 dxc6 23. Qe8+ Kh7 24. Qe4 g6 25. Qxf5 Qxg2+ 26.
Kxg2 gxf5 27. Ne5 $14) 20... Na5 {with a crazy position that offers Black some
chances. I can give only some sample variations} 21. Qc1 Re8+ $1 (21... Nc4+
22. Ke2 Nb2+ 23. c4 Bxc4+ 24. Ke3 Re8+ 25. Kd2 Rf2+ 26. Kc3 $18) 22. Kd2 (22.
Be4 Nc4+ 23. Kd3 Nd6+ 24. Kc2 (24. c4 Rfe5) 24... Rf2+ 25. Kb1 Rxe4 {and Black
already has the advantage}) 22... Rf2+ 23. Kd1 Rxe1+ 24. Kxe1 Re2+ 25. Kd1 Rxg2
26. Qe3 Rxh2 27. Qe8+ Kh7 28. Qxf7 Nc4 29. Bf6 Nb2+ 30. Kc1 Nd3+ 31. Kb1 Rh1+
32. Kc2 Rh2+ $11) 19. Rh1 (19. Re8+ $5 {seems to win as well:} Kg7 20. Ke1 Nc6
(20... Qxg2 21. Qxg2 gxh4 22. gxh4+ Kf6 23. Nd2) 21. Rxa8 Re5+ 22. Kf2 Rf5 23.
Qxg5+ (23. Bxg5 Ne5) 23... Rxg5 24. Nxh2 Rf5+ 25. Kg1 $18) 19... Qxh1 20. Bxh1
gxh4 21. g4 $18 {Nominally Black still has a clear lead in material, but he is
far too underdeveloped. White's attack is irresistible.} Rf6 22. Qg5+ Rg6 23.
Qd8+ Kg7 24. Nxh4 Rxg4 25. Nf5+ Kg6 26. Ne7+ Kf6 27. d6 Nc6 28. Qxa8 1-0

[Event "Lloyds Bank op 16th"]
[Site "London"]
[Date "1992.??.??"]
[Round "?"]
[White "Speelman, Jonathan S"]
[Black "El Assiouti, Sheriff"]
[Result "1-0"]
[WhiteElo "2590"]
[BlackElo "2385"]
[Annotator "Speelman,J"]
[PlyCount "79"]
[EventDate "1992.08.??"]
[EventType "swiss"]
[EventRounds "10"]
[EventCountry "ENG"]
[SourceTitle "CBM 033"]
[Source "ChessBase"]
[SourceDate "1993.04.01"]
[SourceVersion "1"]
[SourceVersionDate "1993.04.01"]
[SourceQuality "1"]

1. d4 Nf6 2. c4 e6 3. Nc3 Bb4 4. e3 O-O 5. Bd3 c5 6. Nf3 b6 7. O-O Bb7 8. Na4
cxd4 9. a3 Be7 10. exd4 d5 $6 11. c5 bxc5 12. Nxc5 $5 (12. dxc5) 12... Bxc5 13.
dxc5 Qc7 14. Bg5 (14. b4 e5 15. Bb5 a6 16. Ba4 Bc6 $1) 14... Ne4 (14... Qxc5
15. Bxf6 gxf6 16. Rc1 Qe7 17. Re1 $146 (17. Nd4 f5 $1)) 15. Rc1 Nc6 (15... a5
$5) 16. b4 (16. Bh4 a5 $1) 16... Nxg5 17. Nxg5 h6 18. Bh7+ Kh8 19. Bb1 g6 $2 (
19... Rfe8 $1 20. Nf3) 20. Nf3 (20. Bxg6 $5) 20... Ba6 21. Qd2 $1 Kh7 $8 (21...
Kg7 $2 22. b5 $1) (21... Bxf1 22. Qxh6+ Kg8 23. Ng5 $18) 22. Rfe1 $16 Rad8 23.
a4 (23. Qb2 Bb5 $1) 23... Bc4 24. Qb2 (24. Qc3 a6 25. Nd2 (25. h4 $1) 25... Rb8
26. Qf6 Qe7 27. Qxe7 Nxe7 28. Nxc4 dxc4 29. Rxc4 Nc6) 24... Rb8 (24... a6 25.
Nd2 Rb8 26. Nxc4 Rxb4 27. Qf6 dxc4 28. Bxg6+ $1 $18) 25. b5 a6 26. b6 (26. Qf6
$2 Qe7 $3) 26... Qe7 27. h4 $1 f5 (27... Qxc5 28. h5 Rxb6 29. Qf6 Qe7 (29...
Rxb1 30. Rxb1 $18) 30. hxg6+ Kg8 31. gxf7+ Qxf7 32. Qxe6 $18) 28. h5 gxh5 (
28... Qxc5 29. hxg6+ Kg8 30. Qd2 $1) (28... g5 29. Ne5 Qxc5 30. Nxc4 $6 (30.
Nd7 $1) 30... dxc4 31. Rxe6 Rxb6 $2 (31... Nd4 $1) 32. Bxf5+ $1 Rxf5 33. Rxh6+
$1 Kxh6 34. Qh8#) 29. Ne5 Qxc5 30. Nd7 (30. Nxc4 $2 dxc4 31. Rxe6 Nd4 $1) 30...
Qd4 (30... Qd6 31. Nxb8 Nxb8 32. Qe5 $1 $18) 31. Qa3 Rg8 32. Nxb8 (32. Rxe6 $2
Rxg2+ $1) 32... Qg4 33. Qg3 Qxg3 34. fxg3 Rxb8 35. Bd3 (35. Rxe6 Nd4 36. Rxc4
dxc4 (36... Nxe6 37. Bxf5+ Kg7 38. Rc7+ Kf6 39. Bxe6 Kxe6 40. a5) 37. Rd6)
35... Nd8 (35... Na5 36. Rxe6 Bxd3 37. Rc7+ Kg8 38. b7 Nxb7 39. Rg6+ Kf8 40.
Rxh6 Kg8 41. Rb6 a5 42. Kf2 $1 Be4 43. Rbxb7 Rxb7 44. Rxb7 Bc2 45. Rb5 Bxa4 46.
Rxd5 Bc2 47. Rxa5 Kf7 48. Ke3 $18) 36. Bxc4 dxc4 37. Red1 Nf7 38. a5 Ne5 39.
Rd6 Re8 40. Re1 1-0

[Event "Plzen m"]
[Site "Plzen"]
[Date "2000.??.??"]
[Round "2"]
[White "Babula, Vlastimil"]
[Black "Stocek, Jiri"]
[Result "1/2-1/2"]
[WhiteElo "2580"]
[BlackElo "2515"]
[Annotator "Stocek,J"]
[PlyCount "63"]
[EventDate "2000.??.??"]
[EventType "match"]
[EventRounds "4"]
[EventCountry "CZE"]
[SourceTitle "EXT 2003"]
[Source "ChessBase"]
[SourceDate "2002.11.25"]
[SourceVersion "1"]
[SourceVersionDate "2002.11.25"]
[SourceQuality "1"]

1. d4 Nf6 2. c4 e6 3. Nc3 Bb4 4. e3 b6 5. Bd3 Bb7 6. Nf3 O-O 7. O-O Re8 8. Bd2
(8. Qc2 c5 $140 9. Ne4 $1 Nxe4 10. Bxe4 Bxe4 11. Qxe4 d5 12. cxd5 exd5 13. Qc2
{xBb4} c4 14. b3 cxb3 15. Qxb3 Bf8 16. Bd2 $14 {Lalic-Dizdarevic,Zenica1987})
8... d6 9. Qc2 (9. a3 {viz 4.partie zapasu}) 9... Nbd7 (9... Bxf3 $6 10. gxf3
$14) 10. e4 e5 11. d5 c6 (11... Nc5 $2 12. Bg5) 12. Rfe1 (12. a3 $142 Bxc3 13.
Bxc3 Rc8 $132) 12... Rc8 13. a3 Bxc3 (13... Bc5 14. b4 Bd4 15. h3 $13) 14. Bxc3
Nc5 15. Rac1 (15. Bf1 $2 b5 $1 {xd5,e4} 16. b3 $140 $2 bxc4 17. bxc4 cxd5 18.
cxd5 (18. exd5 $17) 18... Ncxe4) 15... Nxd3 16. Qxd3 {[#]} b5 $1 17. dxc6 (17.
b3 bxc4 18. bxc4 Ba6 19. dxc6 Rxc6 $15) 17... bxc4 18. Qxc4 Bxc6 19. Qd3 Qd7 {
xg4} (19... Qb6 $143 $6) (19... Nxe4 20. Rxe4 Bxe4 21. Qxe4 d5 22. Qa4 $1 {
(xd4,xRe8,Xa7)} d4 23. Bd2 Rxc1+ 24. Bxc1 $13) 20. Nd2 {[#]} d5 $2 (20... Bb5
$142 $1 21. Qf3 (21. Qg3 $2 Nh5 22. Qf3 (22. Qg5 Nf4) 22... Nf4 23. Rcd1 Re6
$36) (21. Qb1 Nh5 $1 $40) 21... d5 22. exd5 Nxd5 23. Ne4 (23. Ba5 Bc6 $17 {xBa5
}) 23... Nxc3 24. Nxc3 Bc6 $15) 21. exd5 Bxd5 22. Rcd1 Qa4 $11 {xRd1} (22...
Qg4 $2 23. Qg3 $16 {xe5}) 23. Qg3 Rc6 (23... h6 $2 24. Bxe5 Nh5 25. Qh3 {xRc8}
Nf4 $140 26. Qg4) 24. b3 (24. Bxe5 $6 Rce6 $44 (24... Nh5 $2 25. Qd3 $1 (25.
Qg5 Rg6 26. Qxh5 Rxg2+ 27. Kf1 Qa6+ 28. Re2 Rg6 $40) 25... Rxe5 26. Qxd5 $18)
25. f4 (25. Bxf6 Rxe1+ 26. Nf1 g6 27. Rxe1 Rxe1 28. Qb8+ Qe8) 25... Nh5 $5 (
25... h6 $44)) 24... Qxa3 25. Rxe5 Rxe5 26. Qxe5 h6 27. Ra1 Qc5 28. Nc4 (28.
Bd4 $2 Qb4 $36 29. Nf1 $140 Re6) 28... Bxc4 29. Qxc5 Rxc5 30. bxc4 Ne4 (30...
Rxc4 31. Bxf6 gxf6 32. h3 Rc7 33. Ra6 Kg7 34. g4 $11) 31. Bd4 Rxc4 32. Bxa7
1/2-1/2

[Event "Plzen m"]
[Site "Plzen"]
[Date "2000.??.??"]
[Round "4"]
[White "Babula, Vlastimil"]
[Black "Stocek, Jiri"]
[Result "1/2-1/2"]
[WhiteElo "2580"]
[BlackElo "2515"]
[Annotator "Stocek,J"]
[PlyCount "32"]
[EventDate "2000.??.??"]
[EventType "match"]
[EventRounds "4"]
[EventCountry "CZE"]
[SourceTitle "EXT 2003"]
[Source "ChessBase"]
[SourceDate "2002.11.25"]
[SourceVersion "1"]
[SourceVersionDate "2002.11.25"]
[SourceQuality "1"]

1. d4 Nf6 2. c4 e6 3. Nc3 Bb4 4. e3 b6 5. Bd3 Bb7 6. Nf3 O-O 7. O-O Re8 8. Bd2
(8. Re1 c5 $5 $146 (8... d5 9. a3 Bxc3 10. bxc3 $14) 9. a3 Bxc3 10. bxc3 Be4
11. Bf1 Nc6 12. Nd2 Bg6 $13 {Babula-Stocek,1.rapid partie}) 8... d6 9. a3 Bxc3
10. Bxc3 Nbd7 11. Nd2 (11. b4 c5 $11 (11... e5 $11)) 11... e5 12. d5 (12. b4
exd4 13. exd4 b5 $1 14. Re1 bxc4 15. Nxc4 Rxe1+ 16. Qxe1 Nb6 17. Na5 Bd5 {
Caselas-Kurajica,La Coruna1993}) (12. Re1 d5 $5) 12... b5 13. e4 Nc5 14. Qe2
bxc4 (14... a6 $6 15. Bc2 c6 16. b4 Ncd7 (16... Na4 17. Bxa4 bxa4 $14) 17. Rac1
$14) 15. Nxc4 (15. Bxc4 $2 c6 16. dxc6 Bxc6 17. f3 d5 $36) 15... Ba6 (15... c6
$2 16. Na5 cxd5 17. Nxb7 Nxb7 18. exd5 $16 Nxd5 $140 19. Qe4 {xh7,xNb7}) (15...
Nxd3 16. Qxd3 c6 17. dxc6 Bxc6 18. Qxd6 Bb5 19. Qb4 $16) 16. Bb4 (16. b4 $2
Nxd3 17. Qxd3 c6 18. dxc6 d5 19. exd5 Qxd5 $19) 16... Nxd3 {[#]} (16... Nfd7
17. Bc2 c6 $2 (17... Bb5 $5 $11 18. a4 $140 a5) 18. dxc6 Nb6 19. Bxc5 dxc5 20.
Bd3 Qd4 21. Rac1 Rad8 22. c7 Rd7 23. Rfd1 $18 {Gulko-Kuzmin,Bishkek1981}) (
16... Bxc4 $6 17. Bxc4 Ncxe4 18. Bb5 Re7 19. Bc6 Rb8 20. Rac1 $44) (16... Nxd3
17. Qxd3 c6 18. dxc6 Nxe4 19. Qxe4 d5 20. c7 Qxc7 21. Qxd5 Bxc4 22. Rac1 Bxd5
23. Rxc7 a5 24. Bc3 a4 $11) 1/2-1/2